00517 2200193 4500001002100000005001500021035002000036007000300056008004100059020002200100082001400122084002000136100001400156245006800170260003600238300002700274990001100301990001100312INLIS00000000000142120260518094555 a0010-0526000001ta260518 0 ind  a978-623-478-209-7 a658.409 2 a658.409 2 SAR g0 aSarastina1 aGame of Quality :bMenjadi Pemimpin SMM yang Menginspirasi/1420 aCirebon :bPilar Pustaka,c2025 a189 :bill ;c14x20 cm a1420E1 a1420E2